Quizzes
Events
Quiz Creation
Community
Videos
Private Events
Remove Ads
Sign In
Join for FREE
Feedback
Dark Mode
Quiz Categories
Sports
Geography
Music
Movies
Television
Just For Fun
Miscellaneous
History
Literature
Language
Science
Gaming
Entertainment
Religion
Holiday
For Kids
Quiz Lab
Recent
Popular Today
Quiz Kudos Today
Editor Picks
Curator Picks
Quizzes by...
Day
Popularity
Type
Ratings
Length
Year
Community
Subscriptions
Recent Discussions
Orange Saloon
Badges
Playlists
Quests
Create
Leaderboards
Showdown
Live 5
Trivia Bingo
Activity
Puzzle Library
Sporcle Events
Private Events
Virtual Trivia
Globe League
Become a Host
Pub Owners
SporcleCon
Opinionation
Our Games
Videos
Blog
Mobile Apps
Partnerships
Remove Ads and Go Orange
Feedback
Movies
Disney
Marvel Cinematic Universe
Movie Resume
Movie Titles
Oscar
Actor
Actress
Director
Pixar
Role
Movie Quotes
Movie Characters
Box Office
Nominee
Best Picture
Star Wars
James Bond
Horror Movies
Movies
Disney
Marvel Cinematic Universe
Movie Resume
Movie Titles
Oscar
Actor
Actress
Director
Pixar
Role
Movie Quotes
Movie Characters
Box Office
Nominee
Best Picture
Star Wars
James Bond
Horror Movies
Random Quiz
Search Sporcle
×
Quiz Lab
Quiz Lab
Movies
Type in answers that appear in a list
Type in answers that appear in a list
Classic
Best Score? Go Orange.
Directors' Trademarks Stats
Can you name the directors who use these common elements?
By
DwightShelford
10m
14 Questions
445 Plays
445 Plays
445 Plays
Comments
Comments
Give Quiz Kudos
Give Quiz Kudos
-
- Ratings
hide this ad
Forced Order
Answers have to be entered in order
Answers have to be entered in order
Replay
Link that replays current quiz
Next Quiz
Link to next quiz in quiz playlist
You Got
0%
They Got
Avg Score
51%
Avg Friend Score
Upgrade to see
Score Distribution
Jump to the score distribution portion of the page
Score
0/14
Timer
10:00
0
Plays Today
Recurring Elements
Director
% Correct
Different Senses of Humor, Samuel L. Jackson, Blaxploitation Influences, Uma Thurman, Violence
Quentin Tarantino
89.4%
Director Appearing On-
Screen as a Cameo, Suspense, Birds, the MacGuffin, Mistaken Identity, Charming Sociopaths, Brandy, Blondes
Alfred Hitchcock
85.6%
Stoners in Front of Public Places, Ben Affleck, Jason Lee, Cursing, Mooby's
Kevin Smith
83.6%
Psychoanalysis, Screwball Sex Comedies, Diane Keaton, Jazzy Black and White Title Sequences
Woody Allen
74.6%
Sociopaths, Slow Motion, Freeze Frames, Angelic Blondes, New York City, Corruption
Martin Scorsese
64%
Voice-
Overs, Bruce Campbell, Abusing Actors, Rush Cams, Camera Following a Projectile, Rapid Dolly Shots
Sam Raimi
55.1%
Classical Music, Slideshow Credits, 'The End', Stare with Head Pointed Down and Eyes Pointed Up, Parallel Walls, Bathroom Scenes
Stanley Kubrick
48.3%
Recurring Elements
Director
% Correct
Brooklyn, Floating Effect, Baseball, Cameos, John Turturro
Spike Lee
43.4%
Love Interests Named Mary, 'The heart wants what the heart wants', Slapstick and Toilet Humor, Disabilities, New England
Peter and Bobby Farrelly
42.7%
Nuclear Holocaust, Technological Wonders, Romantic Subplot, Humans Repeating Mistakes, Strong Female Characters, Greed
James Cameron
38.9%
Feel Good Theme, Unselfish Characters, Hard Work, Wholesomeness
Frank Capra
30.6%
Fast editing, Explosions, Action-
Adventure, High Budget
Michael Bay
28.1%
Supernatural Plots, Twist Endings, Filming Around Philadelphia
M. Night Shyamalan
24.3%
Wide Angle Lenses, Rush Cams, Disguised Cuts, Camera Angles That Hide Things
Joel and Ethan Coen
10.1%
Quiz Playlist
Details
Report
Send in Message
Add To Playlist
Classic:
Type in answers that appear in a list
Forced Order:
Answers have to be entered in order
Last Updated: Feb 16, 2017
Quiz Scoreboard
CHALLENGE
Sign Up to Join the Scoreboard
Show All
Scores
Hide
Comments
May contain spoilers
Recently Published
College Basketball Coaching Resumes
by pancakes188
Sports
9m
Billboard Blitz: Fleetwood Mac
by CooCooCachoo
Music
15s
Presidents Visiting Landmarks
by Hejman
History
7m
More to Explore
Quiz From the Vault
Featured Blog Post
Where Did the Easter Bunny Come From?
hide this ad
You Might Also Like...
Tags
This quiz does not have any tags.
Today's Top Quizzes in Movies
Browse Movies
hide this ad
Top Contributed Quizzes in Movies
1
Pick 5 Posters: Directed by Spielberg
2
7-to-1: Pixar Characters
3
Pick 5 Posters: Lowest-Rated Spielberg
4
Sorting Actors
5
Pick 5 Posters: Directed by Scorsese
6
Sorting Actresses
7
Pick 5 Posters: Star & Director
8
Pick 5 Posters: Women Directed 2020s
9
12 Movies about Fictional 1960s Events
10
Multi-Oscar Nominations, One Movie, One Winner
Explore More
Trending Topics
Marvel
Anime
Harry Potter
NBA
Disney
Kpop
Crossword
Soccer
NFL
Country
WWE
Song
The Office
Pokémon
Puzzle
hide this ad
More By:
DwightShelford
Quiz
Plays
Rating
Category
Featured
Created
Scrubs Lovin'
3,034
4.11
Television
Feb 16, 2010
Metal Gear Trivia
1,759
3.67
Gaming
Jan 25, 2010
Nicknames for JD
1,296
4.00
Television
Nov 15, 2009
Stu's Song
1,233
4.75
Movies
Aug 18, 2010
Boston Movies
1,123
4.00
Movies
Nov 21, 2009
Go to Creator's Profile
Score Distribution
Quiz Creator Spotlight
DwightShelford
Follow
Send a Message
Quizzes Created
-
Created Quiz Play Count
-
More By This Creator
Popular Quizzes Today
1
Find the US States - No Outlines Minefield
2
Find the Countries of Europe - No Outlines Minefield
3
The Countries of the World
4
Find the US States
5
Risky Map Clicking: Biggest States A-Z
6
US States
7
Popular People in 1961
8
Movies - When Are They Set?
More Movies Quizzes
1972 Movie Poster Zoom
Quiz Lab
Trending Quizzes
Risky Map Clicking: Least Populous States A-Z
1-10 Letter G Words
1-10 Letter F Words
Risky Map Clicking: Next State Alphabetically
Risky Map Clicking: Biggest States A-Z
Recently Updated
Leaping Animals
pecheneg
Reality TV Shows (A-Z)
bhenderson79
Rickey Henderson's Hall of Fame Teammates
pecheneg
Champions League XIs: Arsenal
pecheneg
Quick Pick: Celebrities in WWE's Hall of Fame
aduchscher
A-Z Keypad Blitz II
pecheneg
Multiple Oscar Actors
pecheneg
Mystery Phrase Blitz: Oscar 'Best Actors'
pecheneg
F. Scott Fitzgerald Novels
LTH
Pick 3 Villains
ddd62291
Trending Topics
Marvel
Disney
Kpop
NBA
Crossword
Anime
Harry Potter
NFL
Country
The Office
WWE
Song
Soccer
Pokémon
Puzzle
Your Account Isn't Verified!
In order to create a playlist on Sporcle, you need to verify the email address you used during registration. Go to your
Sporcle Settings
to finish the process.
Report this User
Report this user for behavior that violates our
Community Guidelines
.
Details:
Send Report
Go to the Sporcle.com Mobile Site →
Comments